|
|
|
|
| LEADER |
00000nab#a22000007a#4500 |
| 001 |
arbauad000753 |
| 003 |
AR-BaUAD |
| 005 |
20250711110411.0 |
| 008 |
930617|||||||||###||||||b###|0###a|spa|| |
| 040 |
|
|
|a AR-BaUAD
|c AR-BaUAD
|b spa
|
| 100 |
|
|
|a Bonsiepe, Gui
|
| 245 |
|
|
|a Documentación :
|b Vivienda y uso doméstico /
|c Gui Bonsiepe;
|
| 300 |
0 |
|
|b il., fot., vistas
|
| 653 |
|
|
|a AMERICA LATINA
|
| 653 |
|
|
|a ARGENTINA
|
| 653 |
|
|
|a CHILE
|
| 653 |
|
|
|a EQUIPAMIENTO
|
| 653 |
|
|
|a VIVIENDA
|
| 653 |
|
|
|a ARTEFACTOS
|
| 653 |
|
|
|a ELECTRODOMESTICOS
|
| 653 |
|
|
|a RADIOS
|
| 653 |
|
|
|a TELEVISORES
|
| 653 |
|
|
|a COCINAS
|
| 653 |
|
|
|a HELADERAS
|
| 653 |
|
|
|a CAMPING
|
| 653 |
|
|
|a CALEFACCION
|
| 653 |
|
|
|a CALEFONES
|
| 653 |
|
|
|a ESTUFAS
|
| 653 |
|
|
|a MUEBLES
|
| 653 |
|
|
|a SILLAS
|
| 653 |
|
|
|a ILUMINACION
|
| 653 |
|
|
|a LUMINARIAS
|
| 653 |
|
|
|a DISEÑO INDUSTRIAL
|
| 773 |
0 |
|
|t Summarios
|g no. 34 [ago. 1979], p. 140-144
|
| 942 |
|
|
|c ARTI
|
| 952 |
|
|
|0 0
|1 0
|4 0
|7 0
|9 45674
|a AR-BAuAD
|b AR-BAuAD
|d 2025-07-11
|l 0
|p AAQA000753
|r 2025-07-11 11:04:11
|w 2025-07-11
|y ARTI
|
| 990 |
|
|
|a DI197
|b TD
|
| 998 |
|
|
|a AAQ
|b BIBUN76
|
| 999 |
|
|
|c 25347
|d 25347
|